| 000 | 01207nas a2200397 4500 | ||
|---|---|---|---|
| 001 | BR9505941 | ||
| 003 | BR-BrBNA | ||
| 005 | 20231205094213.0 | ||
| 007 | ta | ||
| 008 | 230509b bl.|||p| |||| 00| 00por d | ||
| 040 |
_aBR-BrBNA _bpor _cBiblioteca Nacional de Agricultura |
||
| 041 | _a(Pt) | ||
| 072 | _aF04; P33 | ||
| 100 | 1 | _aMesquita, M.G.B. de F. | |
| 100 | 1 | _aFerreira, M.M. | |
| 100 | 1 | _aCuri, N. | |
| 100 | 1 | _aEvangelista, A.R. | |
| 245 | 1 | _aDispersao da fracao argila e estabilidade de agregados em funcao da aplicacao de calcario e gesso agricola em latossolo cultivado com andropogon e estilosantes | |
| 650 | _aArgila | ||
| 650 | _aGesso | ||
| 650 | _aCalcario Dolomitico | ||
| 650 | _aCalagem | ||
| 650 | _aFracao do Solo | ||
| 650 | _aQuimica do Solo | ||
| 650 | _aFisica do Solo | ||
| 650 | _aTextura do Solo | ||
| 650 | _aLatossolo | ||
| 650 | _aCapim Andropogon | ||
| 650 | _aPlanta Forrageira | ||
| 650 | _aRelevo | ||
| 650 | _aStilosante | ||
| 650 | _aLatossolo Variacao Una | ||
| 773 | 0 |
_tCiencia e Pratica (Brazil) _xISSN 0100-3267 _g(Oct-Dec 1993), v. 17(4) p. 329-336 _wBR9505941 |
|
| 909 |
_a202311 _bLúcia _c55 _dLúcia Elande |
||
| 942 |
_2AGRIS _n0 _cANA |
||
| 999 |
_c142747 _d142747 |
||